000 00519cam a2200181 4500500
005 20260329004431.0
041 _afre
042 _adc
245 0 0 _aManuel d’action politique
260 _c2019.
500 _a1
690 _aAction
690 _aGauche
690 _aMichael Walzer
690 _aSyndicat
786 0 _nPhilosophie magazine | 134 | 11 | 2019-11-01 | p. 56-56 | 1951-1787
856 4 1 _uhttps://shs.cairn.info/magazine-philosophie-magazine-2019-11-page-56?lang=fr&redirect-ssocas=7080
999 _c1833805
_d1833805